Vliv finančních institucí a mechanismu peněžního oběhu na hospodářské cykly: případ USA
Podstata peňazí v úverovej ekonomike. Rozlíšenie dvoch oddelených oblastí obehu - bankových rezerv, ktoré obiehajú vo vnútri bankového sektoru a peňazí, ktoré obiehajú v ekonomike. Dopady samotného mechanizmu peňažného obehu na reálnu ekonomiku.
Salvato in:
| Autore principale: | |
|---|---|
| Natura: | Capitolo di libro |
| Lingua: | ceco |
| Soggetti: | |
| Tags: |
Nessun Tag, puoi essere il primo ad aggiungerne!!
|
MARC
| LEADER | 00000naa a2200000 4500 | ||
|---|---|---|---|
| 001 | 0182410 | ||
| 005 | 20231116110524.5 | ||
| 041 | 0 | |a cze | |
| 044 | |a CZ | ||
| 245 | 1 | 0 | |a Vliv finančních institucí a mechanismu peněžního oběhu na hospodářské cykly: případ USA |c Jiří Štekláč |
| 520 | |a Podstata peňazí v úverovej ekonomike. Rozlíšenie dvoch oddelených oblastí obehu - bankových rezerv, ktoré obiehajú vo vnútri bankového sektoru a peňazí, ktoré obiehajú v ekonomike. Dopady samotného mechanizmu peňažného obehu na reálnu ekonomiku. | ||
| 610 | 2 | 0 | |a obeh peňažný |
| 610 | 2 | 0 | |a USA |
| 610 | 2 | 0 | |a bankovníctvo |
| 610 | 2 | 0 | |a peniaze |
| 610 | 2 | 0 | |a rezervy bankové |
| 610 | 2 | 0 | |a úver bankový |
| 610 | 2 | 0 | |a cykly hospodárske |
| 100 | 1 | |a Štekláč, Jiří | |